موج صبا / (Record no. 42769)

MARC details
000 -LEADER
fixed length control field 00871nam a22002297a 4500
005 - DATE AND TIME OF LATEST TRANSACTION
control field 20100820154735.0
008 - FIXED-LENGTH DATA ELEMENTS--GENERAL INFORMATION
fixed length control field 100412t xxu||||| |||| 00| 0 ur d
010 ## - LCCN (DPL NO)
LC control number UR-7811
020 ## - INTERNATIONAL STANDARD BOOK NUMBER
Terms of availability 100.00
035 ## - SYSTEM CONTROL NUMBER
System control number U-6366
040 ## - CATALOGING SOURCE
Original cataloging agency dpl
Language of cataloging ur
082 ## - DEWEY DECIMAL CLASSIFICATION NUMBER
Classification number 841
100 ## - MAIN ENTRY--PERSONAL NAME
9 (RLIN) 15656
Personal name نعیم صبا
245 ## - TITLE STATEMENT
Title موج صبا /
Statement of responsibility, etc نعیم صبا
246 ## - VARYING FORM OF TITLE
Title proper/short title Mauj-E-Saba /
Remainder of title by Nayeem Saba
260 ## - PUBLICATION, DISTRIBUTION, ETC. (IMPRINT)
Place of publication, distribution, etc گیا
Name of publisher, distributor, etc بزم مگدھ
Date of publication, distribution, etc 2008
270 ## - ADDRESS
Address Bajm-e-Magadh
City Gaya
300 ## - PHYSICAL DESCRIPTION
Extent 112,ص
Other physical details 22 س م (Pbk)
942 ## - ADDED ENTRY ELEMENTS (KOHA)
Source of classification or shelving scheme Dewey Decimal Classification
Item type Urdu Bks
Classification part 841
Call number suffix ن ع ی
Holdings
Withdrawn status Lost status Source of classification or shelving scheme Damaged status Not for loan Collection code Home library Current library Date acquired Source of acquisition Cost, normal purchase price Total Checkouts Full call number Barcode Date last seen Copy number Cost, replacement price Koha item type
    Dewey Decimal Classification   Not For Loan Non-fiction D.B.Act.Division D.B.Act.Division 20/08/2010 DBAD/PUB 100.00   841 ن ع ی U-6366 20/08/2010 1 100.00 Urdu Bks

© Delhi Public Library
Hit Counter
free hit counter